000 00480nam a2200193 a 4500
001 7647
003 CO-ViMGA
008 141112s2004 ck r 000 u spa d
020 _a8428108773
040 _aCO-ViMGA
_bspa
_cCO-ViMGA
082 0 4 _a267.182 L376e
100 1 _aLe Tourneau, Dominique
_97071
245 1 0 _aOpus Dei
260 _aBarcelona (E),
_cOikos Tau,
_c1996
300 _a158.p.
650 1 4 _aACCION CATOLICA
_97072
650 1 4 _aOPUS DEI
_97073
942 _2ddc
_cBK
999 _c19588
_d19588